000 00601nam a2200205Ia 4500
005 20250923144638.0
008 008 250917s9999 xx 000 0 eng d
037 _aTextual
040 _aDSWL
_beng
_cDSWL
041 _aeng
_2eng
084 _aYX,ZD;6, N43;2
_qDSWL
100 _aSlavson, S.R.
_9826947
245 3 _aAn introduction to group therapy
_cby S.R. Slavson
260 _aNew York
_b International University Press
_c1954
300 _axvi,352p.
365 _aUSD
_b3.50.
925 _g3.50.
942 _cTEXL
_hYX,ZD;6, N43;2
999 _c1441568
_d1441568